Statistics for Countries by life expectancy

Click here to take the quiz!

General Stats

  • This quiz has been taken 71 times
  • The average score is 124 of 195

Answers on the Map

Answers color-coded by a green-red scale on the quiz's map according to % correct below.
 

Answer Stats

yearsCountry% Correct
55.75NNigeria
94%
64.70ZZambia
94%
62.84BBenin
90%
62.71BBurundi
90%
60.32CCameroon
90%
54.36CCentral African Republic
90%
55.65LLesotho
90%
60.54MMali
90%
64.38UUganda
90%
62.16ZZimbabwe
90%
62.22AAngola
87%
55.17CChad
87%
61.60DD.R. Congo
87%
59.82EEquatorial Guinea
87%
62.64GGuinea
87%
59.38GGuinea Bissau
87%
58.75IIvory Coast
87%
58.34SSomalia
87%
58.74SSouth Sudan
87%
63.26GThe Gambia
87%
62.13TTogo
87%
62.98BBurkina Faso
84%
61.05EEswatini
84%
64.94GGhana
84%
64.99HHaiti
84%
85.03JJapan
84%
65.00LLiberia
84%
62.13MMozambique
84%
63.62NNiger
84%
55.92SSierra Leone
84%
84.01IItaly
81%
89.17MMonaco
81%
64.86NNamibia
81%
64.88SSouth Africa
81%
65.62MMalawi
77%
84.07SSingapore
77%
83.99SSpain
77%
66.09SSudan
77%
84.25SSwitzerland
77%
83.94AAustralia
74%
67.48EEritrea
74%
83.13FFrance
74%
83.52IIceland
74%
82.81IIreland
74%
67.47KKenya
74%
65.57MMauritania
74%
82.94NNorway
74%
65.21RR. Congo
74%
68.87SSenegal
74%
83.50SSouth Korea
74%
83.33SSweden
74%
66.44YYemen
74%
65.98AAfghanistan
71%
83.15AAndorra
71%
82.05AAustria
71%
69.86BBotswana
71%
82.96CCanada
71%
65.03CComoros
71%
81.40DDenmark
71%
67.87DDjibouti
71%
67.81EEthiopia
71%
82.48FFinland
71%
81.88GGermany
71%
82.79LLuxembourg
71%
83.06MMalta
71%
82.65PPortugal
71%
70.00RRwanda
71%
66.39TTanzania
71%
81.77UUnited Kingdom
71%
79.11UUnited States
71%
82.17BBelgium
68%
67.03GGabon
68%
82.80GGreece
68%
70.42IIndia
68%
82.78NNetherlands
68%
82.80NNew Zealand
68%
78.58OOman
68%
78.27PPoland
68%
80.73QQatar
68%
81.85SSlovenia
68%
79.02CCroatia
65%
79.85CCzechia
65%
72.54EEgypt
65%
79.18EEstonia
65%
67.91FFiji
65%
83.49IIsrael
65%
82.31LLiechtenstein
65%
68.21MMadagascar
65%
72.99RRussia
65%
83.58SSan Marino
65%
78.43UUruguay
65%
70.99VVanuatu
65%
75.05GGuatemala
61%
75.87HHonduras
61%
77.31HHungary
61%
74.88JJamaica
61%
75.01JJordan
61%
69.17KKiribati
61%
73.23KKosovo
61%
75.73LLatvia
61%
67.78MMyanmar
61%
67.79PPakistan
61%
65.22PPapua New Guinea
61%
81.04TTaiwan
61%
72.50UUkraine
61%
78.46UUnited Arab Emirates
61%
72.34VVenezuela
61%
75.77VVietnam
61%
77.50AAlgeria
58%
75.20BBelarus
58%
76.57BBrazil
58%
80.74CChile
58%
81.51CCyprus
58%
74.06EEl Salvador
58%
68.27FF.S. Micronesia
58%
70.26GGuyana
58%
72.32IIndonesia
58%
75.85KKuwait
58%
73.44LLibya
58%
77.43MMorocco
58%
69.07NNauru
58%
78.00SSlovakia
58%
77.36TTunisia
58%
78.45TTurkey
58%
68.51TTuvalu
58%
72.04UUzbekistan
58%
78.96AAlbania
55%
77.17AArgentina
55%
72.35BBolivia
55%
77.93BBosnia and Herzegovina
55%
75.49BBulgaria
55%
77.47CChina
55%
80.94CCosta Rica
55%
79.18CCuba
55%
74.65DDominican Republic
55%
71.08IIraq
55%
73.90KKazakhstan
55%
71.95KKyrgyzstan
55%
76.41LLithuania
55%
76.26NNorth Macedonia
55%
79.10PPanama
55%
74.59PParaguay
55%
71.66PPhilippines
55%
76.50RRomania
55%
68.63TTurkmenistan
55%
73.33AAzerbaijan
52%
77.33IIran
52%
68.89LLaos
52%
75.41MMexico
52%
77.39MMontenegro
52%
71.74NNepal
52%
75.23NNicaragua
52%
77.44PPeru
52%
71.01SSão Tomé and Príncipe
52%
76.47SSerbia
52%
75.55AArmenia
48%
77.73BBahrain
48%
73.57BBangladesh
48%
79.64BBarbados
48%
75.09BBelize
48%
70.54CCambodia
48%
77.87CColombia
48%
77.48DDominica
48%
70.18EEast Timor
48%
77.71EEcuador
48%
72.59GGrenada
48%
78.27LLebanon
48%
76.65MMalaysia
48%
72.30MMoldova
48%
72.89NNorth Korea
48%
74.60PPalau
48%
76.95SSaint Kitts and Nevis
48%
76.67SSaint Lucia
48%
72.98SSaint Vincent and the Grenadines
48%
75.69SSaudi Arabia
48%
71.76TTajikistan
48%
71.32TTonga
48%
73.91TTrinidad and Tobago
48%
77.47AAntigua and Barbuda
45%
72.77BBhutan
45%
73.58CCape Verde
45%
74.24GGeorgia
45%
70.53MMongolia
45%
72.13SSuriname
45%
76.01SSyria
45%
76.35BBrunei
42%
79.89MMaldives
42%
73.74SSeychelles
42%
77.56SSri Lanka
42%
77.74TThailand
42%
74.28BThe Bahamas
42%
75.51MMauritius
39%
74.58MMarshall Islands
35%
73.75SSamoa
35%
73.38SSolomon Islands
35%

Score Distribution

Percentile by Number Answered

Percent of People with Each Score

Your Score History

You have not taken this quiz